| 000 | 00761nam a2200265 a 4500 | ||
|---|---|---|---|
| 001 | 24921 | ||
| 003 | CO-ViMGA | ||
| 008 | 141112s2004 ck r 000 u spa d | ||
| 020 | _a9789581414048 | ||
| 040 |
_aCO-ViMGA _bspa _cCO-ViMGA |
||
| 041 | _aSPA | ||
| 082 | 0 | 4 | _a590.73 A53 |
| 245 | 1 | 0 |
_aAnimales del zoológico / _ctraducido por Olga Colella |
| 250 | _a1a ed., 9a reimpr. | ||
| 260 |
_aBogotá : _bSigmar, _c2012 |
||
| 300 | _a20 p. : il. col. : il. | ||
| 490 | _aAbre tus ojos | ||
| 500 | _aTítulo original : Eyes openers - Zoo animals | ||
| 650 | 1 | 4 | _aANIMALES |
| 650 | 1 | 4 |
_aDESDE LOS 3 AÑOS _937404 |
| 650 | 1 | 4 |
_aZOOLOGIA - ENSEÑANZA ELEMENTAL _937405 |
| 650 | 1 | 4 |
_aZOOLOGICOS _937406 |
| 700 | 1 |
_aColella, Olga _937407 |
|
| 942 |
_2ddc _cBK |
||
| 999 |
_c2474 _d2474 |
||